Balassi Bálint halála (1594. május 30.)

Bibliographic Details
Main Author: Sárközi, János (Author)
Format: Article
Language:Hungarian
Slovak
Subjects:

MARC

LEADER 00000nab a2200000 a 4500
001 vtls000876852
003 SK-MaSNL
005 20260319075111.0
008 160314c2004 xo 0 hun
015 |a SNBRB2004/06-19456 
035 |a CLN000228404 
040 |a SNKBUCL  |b slo  |c SNKBUCL  |e AACR2 
041 0 |a slo 
044 |a xo  |c SK 
080 |a 82:929:821.511.141  |2 UDC-MRF-SK2 
080 |a 929 Balassi, Bálint  |2 UDC-MRF-SK2 
080 |a 821.511.141:929  |2 UDC-MRF-SK2 
100 1 |a Sárközi, János  |4 aut  |9 374303 
245 1 0 |a Balassi Bálint halála (1594. május 30.)  |c Sárközi János 
300 |b Fotogr. 
600 1 7 |a Balassi, Bálint,  |d 1554-1594  |2 snkbucl  |9 104470 
773 0 |x 1336-0434  |t Cserkész  |g Roč. 14, č. 9 (2004), s. 20-21 
850 |a Slovenská národná knižnica v Martine 
852 |a SNK  |b KIS3GCP 
958 |a LX 
958 |a HU 
958 |a BC 
958 |a RBX 
999 |c 1375421  |d 1377351